000 00433nmm a2200145Ia 4500
008 251105s9999||||xx |||||||||||||||||und||
041 _aspa
100 _aEcheverry, Sandra Milena
245 0 _aAbba Padre :
_b Cartas de amor
264 _a[Madrid, España] :
_bMedinaliber Hispánica,
_c2020
300 _a0 páginas
650 _aLatin American poetry
856 _uhttps://public.digitaliapublishing.com/a/100054
942 _cCF
999 _c106697
_d106697